The Duke of Portland (Record no. 576359)

MARC details
000 -LEADER
fixed length control field 00998nam a2200169Ia 4500
008 - FIXED-LENGTH DATA ELEMENTS--GENERAL INFORMATION
fixed length control field 250718s9999 xx 000 0 und d
020 ## - INTERNATIONAL STANDARD BOOK NUMBER
ISBN 9780333963852
082 ## - DEWEY DECIMAL CLASSIFICATION NUMBER
Classification number 941.073092
Item number WIL
100 ## - MAIN ENTRY--AUTHOR NAME
Personal name Wilkinson, David
245 #4 - TITLE STATEMENT
Title The Duke of Portland
260 ## - PUBLICATION, DISTRIBUTION, ETC. (IMPRINT)
Name of publisher Palgrave Macmillan
Year of publication 2003
300 ## - PHYSICAL DESCRIPTION
Number of Pages 224 pages
500 ## - GENERAL NOTE
General note The Third Duke of Portland served twice as Prime Minster and had a long and distinguished political career from 1760s to the 1780s. This study details how he was transformed from a pillar of the grand Whiggery (he was the brother-in-law of Georgiana, Duchess of Devonshire) into the figurehead for would-be Tories. The book also examines how he played an important public role in many of the political crises of his era (including the French Revolution and the Union) as well as a hidden role in British history (he was involved in the secret service and political corruption).
650 ## - SUBJECT ADDED ENTRY--TOPICAL TERM
Topical Term Biography & Autobiography
942 ## - ADDED ENTRY ELEMENTS (KOHA)
Koha item type English Books
Holdings
Withdrawn status Lost status Damaged status Not for loan Home library Current library Shelving location Date acquired Full call number Accession Number Price effective from Koha item type
        Anna Centenary Library Anna Centenary Library 7TH FLOOR, B WING 18.07.2025 941.073092 WIL 305518 18.07.2025 English Books

Find us on the map